VAIDHRATNAM (Record no. 8576)

MARC details
000 -LEADER
fixed length control field 00277nam a22001337a 4500
003 - CONTROL NUMBER IDENTIFIER
control field SGT
082 ## - DEWEY DECIMAL CLASSIFICATION NUMBER
Classification number 615.53
Item number W70T
100 ## - MAIN ENTRY--PERSONAL NAME
Personal name TRIPATHI,INDRADEV
245 ## - TITLE STATEMENT
Title VAIDHRATNAM
260 ## - PUBLICATION, DISTRIBUTION, ETC. (IMPRINT)
Place of publication, distribution, etc VARANASI
Name of publisher, distributor, etc CHAUKHAMBHA PUB
Year of Publication 2070
300 ## - PAGE DESCRIPTION
No. of Pages 208
650 ## - SUBJECT ADDED ENTRY--TOPICAL TERM
Topical term or geographic name as entry element AYURVEDA
942 ## - ADDED ENTRY ELEMENTS (KOHA)
Source of classification or shelving scheme Dewey Decimal Classification
Koha item type Books
Holdings
Withdrawn status Lost status Source of classification or shelving scheme Damaged status Use restrictions Not for loan Collection code Home library Current library Shelving location Date acquired Vendor Name Cost, normal purchase price SGTU Bill Number Full call number Accession No. (Barcode) Date last seen Bill Date Koha item type Total Checkouts
    Dewey Decimal Classification   Restricted Access   AYURVEDA SGT FA-FP Library SGT FA-FP Library Reference Book 25/03/2016 CHAUKHAMBHA 75.00 SGTU CP/B/776 615.53 W70T FA4323 25/03/2016 05/01/2016 Books  
    Dewey Decimal Classification       AYURVEDA SGT FA-FP Library SGT FA-FP Library Text Book 25/03/2016 CHAUKHAMBHA 75.00 SGTU CP/B/776 615.53 W70T FA4324 25/03/2016 05/01/2016 Books  
    Dewey Decimal Classification       AYURVEDA SGT FA-FP Library SGT FA-FP Library Text Book 25/03/2016 CHAUKHAMBHA 75.00 SGTU CP/B/776 615.53 W70T FA4325 25/03/2016 05/01/2016 Books